[Event "RSA-chT U16"]
[Site "Cape Town"]
[Date "2016.01.07"]
[Round "7.2"]
[White "Deyzel, Zirk"]
[Black "Khumalo, Keith"]
[Result "0-1"]
[WhiteElo "1290"]
[BlackElo "1616"]
[PlyCount "102"]
[EventDate "2016.01.04"]
[EventType "team-tourn"]
[EventRounds "7"]
[EventCountry "RSA"]
[SourceTitle "CBM 170 Extra"]
[Source "ChessBase"]
[SourceDate "2016.02.25"]
[SourceVersion "1"]
[SourceVersionDate "2016.02.25"]
[SourceQuality "1"]
[WhiteTeam "Nelson Mandela Bay"]
[BlackTeam "Johannesburg Metro"]
[WhiteTeamCountry "RSA"]
[BlackTeamCountry "RSA"]

1. e4 c5 2. c3 d5 3. exd5 Qxd5 4. d4 Nc6 5. Be3 cxd4 6. cxd4 e6 7. a3 Nf6 8. Nc3 Qd8 9. Bc4 Nd5 10. Bxd5 exd5 11. Qf3 Be6 12. Nge2 Qd7 13. 0-0 Be7 14. Nf4 Rd8 15. Nh5 Bg4 16. Nxg7+ Kf8 17. Qg3 Kxg7 18. f3 Bd6 19. Qxg4+ Qxg4 20. fxg4 Rhe8 21. Bf4 Nxd4 22. Nxd5 Bc5 23. Nc7 Re7 24. Kh1 Rdd7 25. b4 Bb6 26. Na8 Bd8 27. Rad1 Nc2 28. Bg5 Rxd1 29. Rxd1 f6 30. h3 fxg5 31. Rxd8 Nxa3 32. Rd3 Nc2 33. b5 b6 34. Rc3 Nd4 35. Nc7 Kf7 36. Rc4 Rd7 37. Kg1 Kf6 38. Kf2 Ke5 39. Ke3 Nb3 40. Re4+ Kd6 41. Ne8+ Kc5 42. Re5+ Kc4 43. Nf6 Rf7 44. Ne4 Rd7 45. Nxg5 Nc5 46. Ne4 Kxb5 47. Nf6 Rd3+ 48. Kf4 a5 49. Nxh7 a4 50. g5 Rd2 51. g3 Kc6 0-1